LEADER 02192oam 2200409I 450 001 9910712081803321 005 20191120095048.0 035 $a(CKB)5470000002489281 035 $a(OCoLC)1127827223 035 $a(EXLCZ)995470000002489281 100 $a20191115j201903 ua 0 101 0 $aeng 135 $aurmn||||||||| 181 $ctxt$2rdacontent 182 $cc$2rdamedia 183 $acr$2rdacarrier 200 10$aInvestigation of the loop seal clearing phenomena for the ATLAS DVI line and cold leg SBLOCA tests using MARS-KS and RELAP5/MOD3.3 /$fprepared by Minjeong Hwang [and three others] 210 1$aWashington., DC :$cDivision of Systems Analysis, Office of Nuclear Regulatory Research, Nuclear Regulatory Commission,$dMarch 2019. 215 $a1 online resource (xvolumes 49 pages) $cillustrations (some color) 225 1 $aInternational agreement report ;$vNUREG/IA-0501 300 $a"Prepared as part of the Agreement on Research Participation and Technical Exchange under the Thermal-Hydraulic Code Applications and Maintenance Program (CAMP)." 300 $a"Manuscript completed: March 2018; date published: March 2019." 320 $aIncludes bibliographical references (page 49). 517 3 $aInvestigation of the loop seal clearing phenomena for the Advanced Thermal-hydraulic test Loop for Accident Simulation Direct Vessel Injection line and cold leg Small Break Loss Of Coolant Accident tests using Multi-dimensional Advanced Reactor Safety program-Korea Standard and Reactor Excursion and Leak Analysis Program 5/MOD3.3 606 $aPressurized water reactors$xLoss of coolant$xComputer programs 606 $aThermal hydraulics 615 0$aPressurized water reactors$xLoss of coolant$xComputer programs. 615 0$aThermal hydraulics. 700 $aHwang$b Minjeong$01420515 712 02$aU.S. Nuclear Regulatory Commission.$bDivision of Systems Analysis, 801 0$bGPO 801 1$bGPO 801 2$bGPO 906 $aBOOK 912 $a9910712081803321 996 $aInvestigation of the loop seal clearing phenomena for the ATLAS DVI line and cold leg SBLOCA tests using MARS-KS and RELAP5$93538633 997 $aUNINA LEADER 02925nam 2200661z- 450 001 9910404082103321 005 20210211 010 $a3-03928-950-0 035 $a(CKB)4100000011302317 035 $a(oapen)https://directory.doabooks.org/handle/20.500.12854/41444 035 $a(oapen)doab41444 035 $a(EXLCZ)994100000011302317 100 $a20202102d2020 |y 0 101 0 $aeng 135 $aurmn|---annan 181 $ctxt$2rdacontent 182 $cc$2rdamedia 183 $acr$2rdacarrier 200 00$aAssessing the Performance of Passive Houses in Mediterranean Climate Regions 210 $cMDPI - Multidisciplinary Digital Publishing Institute$d2020 215 $a1 online resource (138 p.) 311 08$a3-03928-949-7 330 $aThis book results from a Special Issue related to the latest progress in the thermodynamics of machines systems and processes since the premonitory work of Carnot. Carnot invented his famous cycle and generalized the efficiency concept for thermo-mechanical engines. Since that time, research progressed from the equilibrium approach to the irreversible situation that represents the general case. This book illustrates the present state-of-the-art advances after one or two centuries of consideration regarding applications and fundamental aspects. The research is moving fast in the direction of economic and environmental aspects. This will probably continue during the coming years. This book mainly highlights the recent focus on the maximum power of engines, as well as the corresponding first law efficiency upper bounds. 606 $aHistory of engineering and technology$2bicssc 610 $aair infiltration 610 $aannual energy demand 610 $aBIPV 610 $abuilding energy performance 610 $adynamic building simulation 610 $aenergy consumption 610 $aenergy efficiency 610 $aenergy need optimisation 610 $aenvironmental and technological design 610 $afan-assisted ventilation 610 $aindoor air quality 610 $aindoor air quality index 610 $aIoT 610 $amassive simulation modelling 610 $amicroservice 610 $amobile app 610 $aNorthern Cyprus 610 $apassive cooling systems 610 $apassive house 610 $apassive strategies 610 $apassivhaus 610 $aPassivhaus 610 $aregression analysis 610 $arenewable energy integration 610 $ashading devices 610 $asmart ventilation 610 $athermal comfort 610 $athermal transmittance of enclosures 615 7$aHistory of engineering and technology 700 $aCostanzo$b Vincenzo$4auth$01328955 906 $aBOOK 912 $a9910404082103321 996 $aAssessing the Performance of Passive Houses in Mediterranean Climate Regions$93039222 997 $aUNINA